000 01124nam a22002657a 4500
003 PE SENCICO BE
005 20251020182640.0
008 230712b |||||||| |||| 00| 0 eng d
040 _aPE SENCICO BE
_cPE SENCICO BE
041 _aspa
084 _aI
_aTOP
_a2017
_bA65
100 1 _91243
_aArango Ccente, Robinson
_eautor
245 1 _aConstrucción de la carretera a nivel de trocha carrozable, tramo Niño Cruz - Shapiringo - Presa - Ancash /
_cRobinson Arango Ccente
260 _aLima :
_c2017
300 _a43 h. :
_bil. col., diagrs., tabls. ;
_c29 cm.
502 _aMonografía de Titulación.-- Servicio Nacional de Capacitación para la Industria de la Construcción. Escuela Superior Técnica. Carrera Profesional Técnica en Topografía y Geodesía, 2017.
650 1 4 _94
_aTopografía
650 2 4 _9352
_aCarreteras
650 2 4 _9177
_aConstrucción
650 2 4 _9116
_aLevantamiento topográfico
650 2 4 _9900
_aTrazado de carreteras
710 1 _aServicio Nacional de Capacitación para la Industria de la Construcción.
_bEscuela Superior Técnica
_91065
910 _bhfp
_chfp
942 _cMON
999 _c4251
_d4251